[Event "29th ChessOrg Open"]
[Site "Bad Woerishofen GER"]
[Date "2013.03.04"]
[Round "4.78"]
[White "Ellinger,P"]
[Black "Astengo,C"]
[Result "1/2-1/2"]
[WhiteElo "2028"]
[BlackElo "2171"]

1.e4 c5 2.Nf3 e6 3.d4 cxd4 4.Nxd4 a6 5.Bd3 Nc6 6.Nxc6 dxc6 7.O-O e5 8.a4 Nf6
9.Qe2 Be6 10.a5 Bb4 11.Bd2 Bxd2 12.Nxd2 O-O 13.Bc4  1/2-1/2

[Event "45th Belgrade WGM"]
[Site "Belgrade SRB"]
[Date "2013.03.05"]
[Round "4"]
[White "Vega Gutierrez,B"]
[Black "Zarkovic,M"]
[Result "1/2-1/2"]
[WhiteElo "2190"]
[BlackElo "2053"]

1.e4 c5 2.Nf3 e6 3.d4 cxd4 4.Nxd4 a6 5.Bd3 Bc5 6.Nb3 Be7 7.f4 Nc6 8.Qf3 b5
9.a4 Bb7 10.axb5 axb5 11.Rxa8 Qxa8 12.Nc3 Nf6 13.Nxb5 O-O 14.O-O Nb4 15.Nd2 Nxd3
16.cxd3 Qa4 17.Nc3 Qd4+ 18.Kh1 Ba6 19.e5 Nd5 20.Nxd5 exd5 21.Rd1 Qxd3 22.f5 Rc8
23.f6 Qxf3 24.Nxf3 gxf6 25.Be3 Be2 26.Rxd5 Bxf3 27.gxf3 fxe5 28.Rxd7 Bc5
29.Bxc5 Rxc5 30.Rd2 Rb5 31.Kg2 Kg7 32.Kg3 Kg6 33.Rc2  1/2-1/2

[Event "TCh-NED Meesterklasse 2012-13"]
[Site "Netherland NED"]
[Date "2013.03.09"]
[Round "7.3"]
[White "Pruijssers,R"]
[Black "Okkes,M"]
[Result "1/2-1/2"]
[WhiteElo "2514"]
[BlackElo "2375"]

1.e4 c5 2.Nf3 e6 3.d4 cxd4 4.Nxd4 a6 5.Bd3 Bc5 6.Nb3 Ba7 7.Qe2 d6 8.Be3 Nf6
9.N1d2 O-O 10.O-O-O Bxe3 11.Qxe3 e5 12.Be2 b5 13.f4 Nc6 14.f5 Qc7 15.Kb1 a5
16.g4 a4 17.Nc1 Nd4 18.c3 Nxe2 19.Nxe2 d5 20.g5 Nxe4 21.Nxe4 dxe4 22.Ng3 Qc4
23.Rd6 Ra6 24.Rxa6 Bxa6 25.Qxe4 Qxe4+ 26.Nxe4 Rd8 27.Kc2 Bc8 28.Rf1 Kf8 29.f6 Be6
30.b3 axb3+ 31.axb3 gxf6 32.gxf6 h6 33.Nc5 Bg4 34.Re1 Rd6 35.Rxe5 Rxf6 36.Ne4 Rf4
37.Kd2 f6 38.Nxf6 Rxf6 39.Rxb5 Rf2+ 40.Ke3 Rxh2 41.c4 Ke7 42.b4 h5 43.Rb7+ Kd6
44.Rb6+ Kc7 45.Rh6 Rb2 46.b5 Re2+ 47.Kd4 Re6 48.Rh8 Be2 49.c5 Bxb5 50.Rxh5 Rg6
51.Rh4 Bd7 52.Kc4 Kc6 53.Rd4 Be6+ 54.Kb4 Bd5 55.Rf4 Re6 56.Rh4 Re1 57.Rh6+ Be6
58.Rh5 Re4+ 59.Kc3 Bd5 60.Rh8 Kxc5  1/2-1/2

[Event "UTD Turner GM Invitational 2013"]
[Site "Richardson USA"]
[Date "2013.03.09"]
[Round "1"]
[White "Xiong,Jeffrey"]
[Black "Iotov,V"]
[Result "0-1"]
[WhiteElo "2330"]
[BlackElo "2578"]

1.e4 c5 2.Nf3 e6 3.d4 cxd4 4.Nxd4 a6 5.Bd3 Qc7 6.O-O Nf6 7.Qe2 d6 8.f4 g6
9.c4 Bg7 10.Nf3 Nc6 11.Nc3 O-O 12.Kh1 b6 13.Be3 Bb7 14.Rac1 Rfe8 15.a3 Rac8
16.b4 Nd7 17.Qf2 a5 18.Nb5 Qb8 19.Rb1 axb4 20.axb4 Ba8 21.h3 e5 22.f5 gxf5
23.Nh4 f4 24.Nf5 Re6 25.Nxg7 Kxg7 26.g3 Rg6 27.gxf4 exf4 28.Qxf4 Nce5 29.Rbd1 Nf6
30.Bd4 Rxc4 31.Bxc4 Bxe4+ 32.Qxe4 Nxe4 33.Rxf7+ Kh6 34.Be3+ Ng5 35.Nd4 Nxc4
36.Nf5+ Kh5 37.Rd4  0-1

[Event "Karpos Open 2013"]
[Site "Skopje MKD"]
[Date "2013.03.11"]
[Round "4.84"]
[White "Peczely,S"]
[Black "Aksoy,A"]
[Result "1-0"]
[WhiteElo "2072"]
[BlackElo "1791"]

1.e4 c5 2.Nf3 e6 3.d4 cxd4 4.Nxd4 a6 5.Bd3 Qc7 6.O-O Nf6 7.Nc3 d6 8.a4 Nbd7
9.Be3 b6 10.f4 Bb7 11.Nb3 Be7 12.Qe2 O-O 13.Rae1 Rfe8 14.g4 g6 15.g5 Nh5
16.Qf2 Bd8 17.Ne2 Rc8 18.Ng3 Nxg3 19.hxg3 Nc5 20.Nxc5 bxc5 21.c4 d5 22.exd5 exd5
23.f5 d4 24.Bf4 Qc6 25.Rxe8+ Qxe8 26.Re1 Qd7 27.f6 Bc7 28.Qh2 Bxf4 29.Qh6  1-0

[Event "TCh-LTU 2013"]
[Site "Vilnius LTU"]
[Date "2013.03.11"]
[Round "7.5"]
[White "Setkauskas,V"]
[Black "Burstein,R"]
[Result "0-1"]
[WhiteElo "2216"]
[BlackElo "2308"]

1.e4 c5 2.Nf3 e6 3.d4 cxd4 4.Nxd4 a6 5.Bd3 Qc7 6.Be3 Nf6 7.O-O d5 8.exd5 Nxd5
9.Bd2 Bd6 10.Nf3 O-O 11.Nc3 Nf4 12.Bxf4 Bxf4 13.Qe2 Nd7 14.Rad1 Nc5 15.g3 Bh6
16.Ne4 Nxe4 17.Qxe4 g6 18.Rfe1 Bg7 19.c3 Rb8 20.Ne5 b5 21.Qf4 f6 22.Nc6 Qxc6
23.Qxb8 Bb7 24.Be4 Rxb8 25.Bxc6 Bxc6 26.Rxe6 Be8 27.Rxa6 Rb7 28.Ra8 Kf7 29.a3 Re7
30.Rc8 f5 31.Kf1 f4 32.Re1 f3 33.Re3 Bd7 34.Rxe7+ Kxe7 35.Rg8 Bf6 36.h4 Be8
37.Ke1 Kf7 38.Rxe8 Kxe8 39.Kd2 Ke7 40.b3 Ke6 41.g4 Kd5 42.Kd3 Bxh4 43.Ke3 Bf6
44.c4+ bxc4 45.bxc4+ Kxc4 46.a4 Kb4 47.Kxf3 Kxa4 48.Ke4 Kb4 49.Kd5 Kc3 50.f4 Kd3
51.Ke6 Ke4 52.f5 Bd8 53.f6 Bxf6 54.Kxf6 Kf4 55.g5 Kg4  0-1

[Event "83rd ch-URU 2013"]
[Site "Montevideo URU"]
[Date "2013.03.12"]
[Round "3.4"]
[White "Arcos Facio,M"]
[Black "Muniz,R"]
[Result "1-0"]
[WhiteElo "2193"]
[BlackElo "2276"]

1.e4 c5 2.Nf3 e6 3.d4 cxd4 4.Nxd4 a6 5.Bd3 Bc5 6.Nb3 Be7 7.Qg4 Bf6 8.O-O Nc6
9.Qg3 d6 10.N1d2 Nge7 11.Nc4 e5 12.Be3 Be6 13.Nb6 Rb8 14.c4 Ng6 15.Nd5 Bh4
16.Qf3 O-O 17.Rad1 b6 18.g3 Bg5 19.h4 Bxe3 20.Nxe3 a5 21.a4 Nd4 22.Nxd4 exd4
23.Nf5 Ne5 24.Qe2 Re8 25.Nxd4 Bh3 26.Rfe1 f5 27.Qd2 Bg4 28.Be2 Rc8 29.f3 Bh5
30.Nxf5 Bxf3 31.Nxd6 Bxe2 32.Qd5+ Kh8 33.Rxe2 Qd7 34.Nxe8 Nf3+ 35.Kf2  1-0

[Event "13th European Seniors"]
[Site "Plovdiv BUL"]
[Date "2013.03.15"]
[Round "5"]
[White "Gruzmann,B"]
[Black "Velikov,P"]
[Result "0-1"]
[WhiteElo "2284"]
[BlackElo "2417"]

1.e4 c5 2.Nf3 e6 3.d4 cxd4 4.Nxd4 a6 5.Bd3 Nf6 6.O-O Qc7 7.Kh1 Bc5 8.Nb3 Be7
9.f4 d6 10.c4 b6 11.Nc3 Bb7 12.Qe2 Nbd7 13.Bd2 O-O 14.Rae1 Rad8 15.Bb1 g6
16.Rf3 Ne8 17.Rh3 Bf6 18.Nd1 Rc8 19.Bd3 Bg7 20.Bc3 Nef6 21.Nf2 e5 22.f5 Nh5
23.Rxh5 gxh5 24.Qxh5 f6 25.Re3 Rf7 26.Rh3 Nf8 27.Ng4 b5 28.Nd2 Bc6 29.Bb4 Be8
30.Ne3 a5 31.Nd5 Qd8 32.Ba3 b4 33.b3 bxa3 34.Rg3 Kh8 35.h4 Nd7 36.Nf3 Nc5
37.Bc2 Rb7 38.Qg4 Bc6 39.Ng5 fxg5 40.hxg5 Bxd5 41.exd5 Rcb8 42.Rh3 e4 43.Qh4 Be5
44.f6 Qe8 45.Bd1 Qg6 46.Bg4 Rg8 47.Be6 Qxg5  0-1

[Event "13th European Seniors"]
[Site "Plovdiv BUL"]
[Date "2013.03.15"]
[Round "5"]
[White "Urbanc,V"]
[Black "Kurka,Dieter"]
[Result "1-0"]
[WhiteElo "1922"]
[BlackElo "2079"]

1.e4 c5 2.Nf3 e6 3.d4 cxd4 4.Nxd4 a6 5.Bd3 Qc7 6.Be3 Nf6 7.Qd2 d5 8.f3 dxe4
9.fxe4 Ng4 10.Bf4 Qb6 11.Nb3 Nc6 12.h3 Nge5 13.Be3 Qc7 14.Na3 Nxd3+ 15.Qxd3 Qg3+
16.Bf2 Bb4+ 17.Ke2 Qg6 18.Nc4 O-O 19.c3 Be7 20.Nbd2 b5 21.Nb6 Rb8 22.Nxc8 Rbxc8
23.Qg3 Qh5+ 24.Qf3 Qg6 25.h4 f5 26.h5 Qh6 27.Qg3 Rcd8 28.Rad1 Bg5 29.Qc7 Bxd2
30.Qxc6 fxe4 31.Qxe4 Rf5 32.Be3 Qf6 33.Rxd2 Rxd2+ 34.Kxd2 Rd5+ 35.Kc2 a5
36.Bd4 Qf7 37.Re1 e5 38.Rf1 Qd7 39.Be3 b4 40.c4 Qc6  1-0

[Event "13th European Seniors"]
[Site "Plovdiv BUL"]
[Date "2013.03.17"]
[Round "7"]
[White "Urbanc,V"]
[Black "Wahlstedt,M"]
[Result "0-1"]
[WhiteElo "1922"]
[BlackElo "1984"]

1.e4 c5 2.Nf3 e6 3.d4 cxd4 4.Nxd4 a6 5.Bd3 Qc7 6.Nc3 Nf6 7.O-O Bd6 8.h3 Nc6
9.Nb3 Bh2+ 10.Kh1 Bf4 11.a4 b6 12.Nd2 Nb4 13.Nc4 Bxc1 14.Qxc1 Nxd3 15.cxd3 d6
16.Qg5 O-O 17.a5 bxa5 18.Qg3 e5 19.Rxa5 Be6 20.Ra4 Rfb8 21.Rfa1 h6 22.Qe3 Rb3
23.f4 d5 24.fxe5 Nxe4 25.Nxe4 dxc4 26.Nc5 Rxb2 27.Nxe6 fxe6 28.Rxc4 Qb7 29.Qe4 Qxe4
30.Rxe4 a5 31.Ra3 Rb5 32.Kh2 Rd8  0-1

[Event "TCh-SUI 2013"]
[Site "Switzerland SUI"]
[Date "2013.03.17"]
[Round "1.5"]
[White "Vogt,L"]
[Black "Zueger,B"]
[Result "1/2-1/2"]
[WhiteElo "2404"]
[BlackElo "2403"]

1.e4 c5 2.Nf3 e6 3.d4 cxd4 4.Nxd4 a6 5.Bd3 Bc5 6.Nb3 Ba7 7.Qe2 Nc6 8.Be3 d6
9.c4 Nf6 10.Bxa7 Rxa7 11.Nc3 e5 12.O-O Be6 13.Rac1 Nd7 14.Qe3 b6 15.Rfd1 Nc5
16.Na1 O-O 17.Nc2 a5 18.Be2 f5 19.exf5 Bxf5 20.Na3 Nd4 21.Nab5 Nxe2+ 22.Qxe2 Rd7
23.f3 Rf6 24.Nd5 Rh6 25.Ne3 Qg5 26.Nxf5 Qxf5 27.Rd2 e4 28.h3 exf3 29.Qe8+ Qf8
30.Qxf8+ Kxf8 31.Rf1 Rf6 32.Rxf3 Rxf3 33.gxf3 Ke7 34.Kf2 Ne6 35.Ke3 Nc7 36.Nc3 Rd8
37.f4 Rf8 38.Ke4 g6 39.Rg2 Kd7 40.h4 Ne8 41.Rg5 Ng7 42.Rb5 Kc6 43.Nd5 Re8+
44.Kf3 Rb8 45.Ne7+ Kd7 46.Nd5 Kc6 47.Ne7+ Kd7 48.Nd5  1/2-1/2

[Event "13th European Seniors"]
[Site "Plovdiv BUL"]
[Date "2013.03.18"]
[Round "8"]
[White "Vujacic,Bo"]
[Black "Vasiukov,E"]
[Result "1/2-1/2"]
[WhiteElo "2293"]
[BlackElo "2460"]

1.e4 c5 2.Nf3 e6 3.d4 cxd4 4.Nxd4 a6 5.Bd3 Qb6 6.Nb3 Nc6 7.Nc3 Qc7 8.f4 d6
9.Qf3 g6 10.Be3 Bg7 11.O-O Nf6 12.Na4 Nd7 13.c4 O-O 14.Rac1 b6 15.Rfd1 Rb8
16.Bf1 f5 17.Nc3 Bb7 18.exf5 Nd4 19.Qh3 Nxf5 20.Bf2 Nc5 21.Nd4 Nxd4 22.Bxd4 Rxf4
23.Bxg7 Kxg7 24.b4 Ne4 25.Qxe6 Nxc3 26.Rxc3 Rbf8 27.Rc2 b5 28.c5 R8f6 29.Qb3 Be4
30.Rcd2 d5 31.h3 h5 32.Bd3 Qe5 33.Bxe4  1/2-1/2

[Event "30th Ciocaltea Mem 2013"]
[Site "Bucharest ROU"]
[Date "2013.03.19"]
[Round "5.2"]
[White "Hajbok,R"]
[Black "Ionescu,Co"]
[Result "1/2-1/2"]
[WhiteElo "2339"]
[BlackElo "2441"]

1.e4 c5 2.Nf3 e6 3.d4 cxd4 4.Nxd4 a6 5.Bd3 Nf6 6.O-O d6 7.c4 b6 8.Nc3 Bb7
9.Qe2 Be7 10.b3 O-O 11.Bb2 Re8 12.Rad1 Nbd7 13.Bb1 Bf8 14.Kh1 Qc7 15.f4 Rad8
16.Nf3 g6 17.Ng5 Bg7 18.Rde1 Re7 19.e5 Ne8 20.Nd1 h6 21.Nh3 Qc6 22.exd6 Nxd6
23.Bxg7 Kxg7 24.Ne3 f5 25.Qb2+ Kh7 26.Rf3 Rg7 27.Nc2 Nc5 28.Nb4 Qc7 29.Rfe3 Nde4
30.Nd3 a5 31.Nxc5 bxc5 32.Bxe4 Bxe4 33.Qf2 Rd4 34.R3e2 Rgd7 35.Qh4 Kg7 36.Nf2 g5
37.Qg3 Qxf4 38.Nxe4 Rxe4 39.Qc3+ Kg6 40.Rxe4 fxe4 41.Qh8 Qf5 42.h3 Rd2  1/2-1/2

[Event "3rd HD Bank Cup 2013"]
[Site "Ho Chi Minh City VIE"]
[Date "2013.03.19"]
[Round "1.3"]
[White "Yu Yangyi"]
[Black "Bao Khoa"]
[Result "1-0"]
[WhiteElo "2696"]
[BlackElo "2282"]

1.e4 c5 2.Nf3 e6 3.d4 cxd4 4.Nxd4 a6 5.Bd3 b5 6.a4 b4 7.O-O Qc7 8.Nd2 Bb7
9.Qe2 Nf6 10.Nc4 Nc6 11.Nxc6 Bxc6 12.a5 Bc5 13.e5 Nd5 14.Qg4 f5 15.exf6 gxf6
16.Nb6 Bxb6 17.axb6 Qxb6 18.c4 bxc3 19.bxc3 O-O-O 20.Rxa6 Rdg8 21.Qxg8+ Rxg8
22.Rxb6 Nxb6 23.f3 h5 24.Be3 Kc7 25.h4 d5 26.Ra1 Nc4 27.Ra7+ Kd6 28.Bh6 Bd7
29.Kh2 Rc8 30.Bc1 f5 31.Bf4+ Ke7 32.Bc7 Kf6 33.Be2 Be8 34.Kg3 Bg6 35.Bxc4 dxc4
36.Kf4 Bf7 37.Be5+ Kg6 38.g4 fxg4 39.fxg4 Rf8 40.gxh5+ Kh6 41.Ke3 Kxh5 42.Bg7 Rc8
43.Rxf7 Kxh4 44.Re7 Rc6 45.Kf4 Kh5 46.Be5 Kg6 47.Rg7+ Kh6 48.Rc7  1-0

[Event "3rd HD Bank Cup 2013"]
[Site "Ho Chi Minh City VIE"]
[Date "2013.03.20"]
[Round "3.44"]
[White "Che,Q"]
[Black "Bao Khoa"]
[Result "0-1"]
[WhiteElo "1968"]
[BlackElo "2282"]

1.e4 c5 2.Nf3 e6 3.d4 cxd4 4.Nxd4 a6 5.Bd3 b5 6.O-O Qb6 7.Be3 Qc7 8.a4 b4
9.Nd2 Bb7 10.Nc4 Bc5 11.Qg4 Kf8 12.Bf4 d6 13.Qg3 e5 14.Nxe5 Bxd4 15.Ng6+ hxg6
16.Bxd6+ Qe7 17.Bxe7+ Nxe7 18.Qc7 Nbc6 19.g3 Ra7 20.Qd6 g5 21.g4 Rh6 22.Qg3 Ng6
23.Rfd1 Bxb2 24.Bc4 Nf4 25.Qe3 Bxa1 26.Rxa1 Bc8 27.Rd1 Bxg4 28.Qc5+ Kg8 29.Rd6 Rxd6
30.Qxd6 Rd7 31.Qxc6 Rd1+ 32.Bf1 Be2 33.Qc8+ Kh7 34.h3 Rxf1+ 35.Kh2 Rxf2+
36.Kg1 Rg2+ 37.Kh1 Bf3 38.Qf5+ Kh6 39.Qxf7 Rxc2+ 40.Kg1 Nxh3+  0-1

[Event "3rd HD Bank Cup 2013"]
[Site "Ho Chi Minh City VIE"]
[Date "2013.03.22"]
[Round "6.19"]
[White "Zhai Mo"]
[Black "Bui Vinh"]
[Result "0-1"]
[WhiteElo "2249"]
[BlackElo "2415"]

1.e4 c5 2.Nf3 e6 3.d4 cxd4 4.Nxd4 a6 5.Bd3 Ne7 6.O-O Nbc6 7.Be3 g6 8.Nd2 Bg7
9.Nxc6 bxc6 10.f4 d5 11.e5 O-O 12.Bc5 a5 13.Qe2 Re8 14.a4 Nf5 15.Nb3 Bf8
16.Bf2 Rb8 17.g4 Ng7 18.Ra2 Qc7 19.Nc5 h5 20.h3 Rb4 21.Qf3 hxg4 22.hxg4 f5
23.c3 Rb8 24.Kg2 Qf7 25.Rh1 fxg4 26.Qxg4 Nf5 27.Qh3 Qg7 28.Kf3 Kf7 29.Bxf5 exf5
30.e6+ Rxe6 31.Nxe6 Kxe6 32.Bd4 Qg8 33.Qh4 Ba6 34.Be5 Be7 35.Qe1 Re8 36.Rh8 Qf7
37.Bf6+ Kd7 38.Rxe8 Bxf6 39.Ra8 Bb7 40.Ra7 Kc7 41.c4 Bd4 42.Rxb7+ Kxb7 43.Qxa5 Qh7
44.Qb4+ Ka6 45.Ke2 Qh5+ 46.Kd2 Qh2+ 47.Kd1 Qh1+ 48.Qe1 Qf3+ 49.Kc2 dxc4 50.Ra3 Qxf4
51.Kb1 Qh2 52.Qc1 Qe2 53.Rg3 Bxb2 54.Qxb2 Qe1+ 55.Qc1 Qxg3 56.Qxc4+ Kb7 57.Qb4+ Kc8
58.a5 Qb8  0-1

[Event "Nis Open 2013"]
[Site "Nis SRB"]
[Date "2013.03.22"]
[Round "2.16"]
[White "Krstic,Aca"]
[Black "Djoric,Krsta"]
[Result "1-0"]
[WhiteElo "1946"]
[BlackElo "1851"]

1.e4 c5 2.Nf3 e6 3.d4 cxd4 4.Nxd4 a6 5.Bd3 Nc6 6.Be3 Nge7 7.c4 g6 8.Nc3 Bg7
9.Be2 O-O 10.O-O f5 11.Nxc6 Nxc6 12.Bc5 Rf7 13.Bd6 b6 14.Bf3 Bb7 15.e5 Qc8
16.Re1 Na5 17.b3 Bc6 18.Qd3 Nb7 19.Ba3 Qc7 20.Qe3 Bf8 21.Bb2 Nc5 22.Rad1 Be7
23.Nd5 Qb7 24.Nxe7+ Rxe7 25.Bxc6 Qxc6 26.f3 Nb7 27.Ba3 Rf7 28.Rd3 Rc8 29.Rc1 Qc7
30.b4 b5 31.cxb5 Qb8 32.Rxc8+ Qxc8 33.bxa6 Nd8 34.b5 f4 35.Qc5  1-0

[Event "30th Ciocaltea Mem 2013"]
[Site "Bucharest ROU"]
[Date "2013.03.23"]
[Round "9.4"]
[White "Castellanos Rodriguez,R"]
[Black "Ionescu,Co"]
[Result "0-1"]
[WhiteElo "2529"]
[BlackElo "2441"]

1.e4 c5 2.Nf3 e6 3.d4 cxd4 4.Nxd4 a6 5.Bd3 Nf6 6.O-O d6 7.c4 b6 8.Nc3 Bb7
9.f4 g6 10.f5 gxf5 11.exf5 Rg8 12.Ne4 e5 13.Qe2 Nbd7 14.Nb3 Be7 15.Nbd2 Qc7
16.b3 O-O-O 17.Ba3 Rg4 18.b4 Rdg8 19.Rf2 Nh5 20.Qf3 Bh4 21.g3 Bxg3 22.hxg3 Rxg3+  0-1

[Event "44th Marcel Duchamp"]
[Site "Buenos Aires ARG"]
[Date "2013.03.23"]
[Round "1.21"]
[White "Navarro,Al"]
[Black "Pichot,A"]
[Result "0-1"]
[WhiteElo "1879"]
[BlackElo "2327"]

1.e4 c5 2.Nf3 e6 3.d4 cxd4 4.Nxd4 a6 5.Bd3 Bc5 6.Nb3 Be7 7.Be3 d6 8.Nc3 Nf6
9.O-O b5 10.a3 Bb7 11.f3 Nbd7 12.Qe2 O-O 13.Qf2 Qc7 14.Rac1 Ne5 15.Rfd1 Nc4
16.Bxc4 bxc4 17.Bb6 Qc8 18.Na5 Nd7 19.Be3 Qc7 20.Nxb7 Qxb7 21.Rb1 Ne5 22.Qg3 Rfd8
23.Bd4 h5 24.h3 h4 25.Qf2 Ng6 26.f4 Rac8 27.f5 Ne5 28.Rf1 Bf6 29.Rfd1 Qe7
30.Ne2 Nc6 31.Be3 exf5 32.Nf4 Qxe4 33.Nd5 Be5 34.Qd2 Bd4 35.Ne7+ Qxe7 36.Bxd4 Nxd4
37.Qxd4 d5 38.Re1 Qc5 39.Rbd1 g6 40.Re5 Qxd4+ 41.Rxd4 Rb8 42.Rdxd5 Rxd5 43.Rxd5 Rxb2
44.Ra5 Rxc2 45.Rxa6 c3 46.Rc6 g5 47.a4 g4 48.hxg4 fxg4 49.Rh6 g3 50.Kf1 Rf2+  0-1

[Event "TCh-CZE Extraliga 2012-13"]
[Site "Czech Republic CZE"]
[Date "2013.03.23"]
[Round "7.2"]
[White "Bobras,P"]
[Black "Stocek,J"]
[Result "0-1"]
[WhiteElo "2554"]
[BlackElo "2557"]

1.e4 c5 2.Nf3 e6 3.d4 cxd4 4.Nxd4 a6 5.Bd3 Nf6 6.O-O Qc7 7.Qe2 d6 8.c4 g6
9.Bf4 Nbd7 10.Nb3 Ne5 11.N1d2 Nfd7 12.Nf3 Bg7 13.Nxe5 Nxe5 14.Rfd1 O-O 15.Qe3 Bd7
16.c5 d5 17.Qg3 Ba4 18.Re1 Bxb3 19.axb3 f6 20.b4 Qc6 21.Bxe5 fxe5 22.Qe3 Rac8
23.Rec1 Rf4 24.g3 Rf7 25.b5 axb5 26.b4 Rcf8 27.Rf1 Rf3 28.Qe2 Bh6 29.Kg2 Qc7
30.Qxf3 Rxf3 31.Kxf3 Bd2 32.Rfb1 Bc3 33.Ra2 g5 34.Rb3 Bd4 35.h3 h5 36.Re2 Qd7
37.Kg2 g4 38.h4 Kg7 39.Ra3 Kh6 40.Bc2 b6 41.cxb6 Bxb6 42.exd5 Qxd5+ 43.Be4 Qc4
44.Bd3 Qxb4 45.Ra8 Qd4 46.Be4 Kg7 47.Rb8 Qc4 48.Re1 Ba5 49.Rb7+ Kf6 50.Re3 Bd2
51.Bd3 Qd4  0-1

[Event "3rd HD Bank Cup 2013"]
[Site "Ho Chi Minh City VIE"]
[Date "2013.03.23"]
[Round "8.5"]
[White "Yu Ruiyuan"]
[Black "Yu Yangyi"]
[Result "1-0"]
[WhiteElo "2556"]
[BlackElo "2696"]

1.e4 c5 2.Nf3 e6 3.d4 cxd4 4.Nxd4 a6 5.Bd3 Bc5 6.Nb3 Be7 7.O-O d6 8.c4 Nf6
9.Nc3 b6 10.Be3 Bb7 11.f4 Nbd7 12.Qe2 O-O 13.Rac1 Re8 14.Nd2 Bf8 15.b4 Rc8
16.a3 g6 17.h3 Bg7 18.Qf2 Rb8 19.g4 h6 20.Be2 Qe7 21.Bf3 Rec8 22.Rfe1 Nh7
23.Rc2 b5 24.Ncb1 g5 25.Rec1 gxf4 26.Bxf4 Ne5 27.Qe3 h5 28.gxh5 Qh4 29.Bg2 Qxh5
30.c5 Kh8 31.Bxe5 dxe5 32.c6 Ba8 33.c7 Rb7 34.Qd3 Nf8 35.Rc3 Bh6 36.R1c2 Qh4
37.Qd6 Qe1+ 38.Nf1 Ra7 39.Nd2 Kg7 40.Rg3+ Ng6 41.Qd7 Bb7 42.Nf3 Qa1 43.Rf2 Bf4
44.Nh4 Kf6 45.Nxg6 fxg6 46.Qh7 g5 47.h4  1-0

[Event "19th Schloss Open"]
[Site "Werther GER"]
[Date "2013.03.23"]
[Round "4.2"]
[White "Schmitz,Philipp"]
[Black "Meijers,V"]
[Result "1/2-1/2"]
[WhiteElo "2136"]
[BlackElo "2464"]

1.e4 c5 2.Nf3 e6 3.d4 cxd4 4.Nxd4 a6 5.Bd3 Nf6 6.O-O Qc7 7.Nc3 Nc6 8.Nxc6 dxc6
9.Qe2 e5 10.Kh1 h5 11.Bg5 h4 12.Bxf6 gxf6 13.h3 Bc5 14.Rad1 Bd4 15.Nb1 b5
16.c3 Ba7 17.a4 Be6 18.axb5 axb5 19.Na3 Ke7 20.Nc2 Rad8 21.Ne3 Bxe3 22.Qxe3 Bb3
23.Ra1 Qd6 24.Be2 Ra8 25.Qb6 Rxa1 26.Rxa1 Rd8 27.Qe3 Qd2 28.Qc5+ Qd6 29.Qe3 Qd2
30.Qc5+ Qd6 31.Qe3  1/2-1/2

[Event "Norwegian Open 2013"]
[Site "Fagernes NOR"]
[Date "2013.03.24"]
[Round "2"]
[White "Bentsen,H"]
[Black "Bue,G"]
[Result "1-0"]
[WhiteElo "2106"]
[BlackElo "1686"]

1.e4 c5 2.Nf3 e6 3.d4 cxd4 4.Nxd4 a6 5.Bd3 Nc6 6.Nxc6 dxc6 7.O-O Nf6 8.Bf4 Be7
9.Nd2 b5 10.Qe2 Bb7 11.Rfd1 O-O 12.c4 g6 13.Nb3 Qb6 14.Be3 Qc7 15.c5 a5 16.a4 b4
17.Rd2 Rfd8 18.Rad1 Rd7 19.f3 Rad8 20.Bc4 Rxd2 21.Rxd2 Rxd2 22.Qxd2 Nd7 23.Kf2 Bc8
24.Bf4 Qa7 25.Bd6 Bf6 26.f4  1-0

[Event "Norwegian Open 2013"]
[Site "Fagernes NOR"]
[Date "2013.03.24"]
[Round "4"]
[White "Tari,A"]
[Black "Kveinys,A"]
[Result "1/2-1/2"]
[WhiteElo "2293"]
[BlackElo "2528"]

1.e4 c5 2.Nf3 e6 3.d4 cxd4 4.Nxd4 a6 5.Bd3 Nf6 6.O-O Qc7 7.Qe2 d6 8.c4 g6
9.Nc3 Bg7 10.Nf3 Nc6 11.Rd1 Nd7 12.Bc2 O-O 13.Bf4 Nde5 14.Rac1 Bd7 15.Bb3 h6
16.Nb5 axb5 17.cxb5 Nxf3+ 18.Qxf3 e5 19.bxc6 bxc6 20.Bg3 Rad8 21.Qd3 Qb6
22.Qxd6 Be6 23.Qa3 Ra8 24.Qc5 Qxc5 25.Rxc5 Bxb3 26.axb3 Rfb8 27.Rxc6 Rxb3
28.Rc2 Rab8 29.Rdd2 h5 30.f3 Bh6 31.Re2 Be3+ 32.Bf2 Bxf2+ 33.Kxf2 h4 34.h3 Kg7
35.g3 hxg3+ 36.Kxg3 R8b7 37.h4 Kh6 38.Kg4 R7b4 39.Kg3 Rb7 40.Red2 R3b4 41.Rd5 Rxb2
42.Rxb2 Rxb2 43.Rxe5 Kg7 44.Re7 Re2 45.Ra7 Re1 46.Kf2 Rh1 47.Kg3 Rg1+ 48.Kh2 Re1
49.Rd7 Kf6 50.Rd5 Ke6 51.h5 gxh5 52.Rxh5 f6 53.Kg3 Rg1+ 54.Kf4 Rg2 55.Ra5 Rg1
56.Ra6+ Kf7 57.Ke3 Rb1 58.Rc6 Rb3+ 59.Kf4 Rb1 60.Rd6 Rh1 61.Kg3 Re1 62.Kf2 Ra1
63.Rd3 f5 64.e5 f4 65.Rd6 Ra2+ 66.Kg1 Ra5 67.Rf6+ Ke7 68.Rxf4 Rxe5 69.Kf2 Rg5
70.Ke3 Ke6 71.Ra4 Rb5 72.Kf4 Kf6 73.Ra6+ Kf7 74.Kg4 Rc5 75.Rh6 Ra5 76.Rh5 Ra1
77.Rb5 Kf6 78.Rb6+ Kf7 79.f4 Ra5 80.Rb7+ Kf6 81.Rb8 Rc5 82.Rf8+ Kg7 83.Rf5 Rxf5
84.Kxf5 Kf7 85.Ke5 Ke7 86.f5 Kf7 87.f6 Kf8 88.Kf5 Kf7 89.Kg5 Kf8 90.Kg6 Kg8
91.f7+ Kf8 92.Kh5 Kg7 93.Kh4 Kxf7  1/2-1/2

[Event "Norwegian Open 2013"]
[Site "Fagernes NOR"]
[Date "2013.03.24"]
[Round "6"]
[White "Salomon,J"]
[Black "Kveinys,A"]
[Result "1/2-1/2"]
[WhiteElo "2115"]
[BlackElo "2528"]

1.e4 c5 2.Nf3 e6 3.d4 cxd4 4.Nxd4 a6 5.Bd3 Bc5 6.Nb3 Ba7 7.Qe2 Nc6 8.Be3 d6
9.O-O Nf6 10.Bxa7 Rxa7 11.N1d2 O-O 12.Kh1 e5 13.Nc4 Be6 14.Ne3 Qe7 15.Rad1 b5
16.c4 bxc4 17.Bxc4 a5 18.Nd5 Bxd5 19.exd5 Nb8 20.a4 Qb7 21.Bb5 Nbd7 22.Qe1 Qb6
23.Rc1 Qd8 24.Rc6 Nb8 25.Rc2 Nxd5 26.Rd2 Nc7 27.Qe3 Nxb5 28.axb5 Rb7 29.Rfd1 Rxb5
30.Rxd6 Qc7 31.Qd3 Rb6 32.Rd8 g6 33.Rxf8+ Kxf8 34.Nxa5 Kg7 35.Nc4 Rb4 36.b3 Qc5
37.Qc3 Nc6 38.f4 Nd4 39.Qe3 Rxb3 40.Qxe5+  1/2-1/2

[Event "19th Schloss Open"]
[Site "Werther GER"]
[Date "2013.03.24"]
[Round "6.1"]
[White "Gazic,J"]
[Black "Epishin,V"]
[Result "0-1"]
[WhiteElo "2283"]
[BlackElo "2607"]

1.e4 c5 2.Nf3 e6 3.d4 cxd4 4.Nxd4 a6 5.Bd3 Bc5 6.Nb3 Be7 7.Be3 d6 8.a4 e5
9.Nc3 Be6 10.Nd5 Bxd5 11.exd5 Nf6 12.c4 a5 13.O-O O-O 14.Ra3 Nbd7 15.Nd2 g6
16.Rb3 b6 17.Bb1 Nc5 18.Ra3 Nh5 19.Bh6 Ng7 20.Ne4 Nxe4 21.Bxe4 Bg5 22.Bxg7 Kxg7
23.Bf3 f5 24.Be2 e4 25.Rb3 Bf6 26.Qd2 Be5 27.Qe3 Rb8 28.f4 exf3 29.Rxf3 Re8
30.Qd2 Qh4 31.g3 Qe4 32.Bf1 Bd4+ 33.Kg2 Bc5 34.Bd3 Qe5 35.Bf1 Re7 36.Rbd3 h5
37.h4 Rbe8 38.b3 Qe4 39.Qc1 Re5 40.Rc3 Qd4 41.Kh3 Re1 42.Qc2 Rxf1  0-1

[Event "29th Spring Festival"]
[Site "Budapest HUN"]
[Date "2013.03.27"]
[Round "9.4"]
[White "Szalanczy,E"]
[Black "Gal,Han"]
[Result "1-0"]
[WhiteElo "2237"]
[BlackElo "2057"]

1.e4 c5 2.Nf3 e6 3.d4 cxd4 4.Nxd4 a6 5.Bd3 Nf6 6.Nc3 Qc7 7.Qe2 d6 8.Bd2 Nbd7
9.f4 Be7 10.O-O-O b5 11.Rhe1 Bb7 12.e5 dxe5 13.fxe5 Nd5 14.Be4 Rc8 15.Nxd5 Bxd5
16.Bxd5 exd5 17.e6 fxe6 18.Qxe6 Nc5 19.Qxd5 Nd3+ 20.Kb1 Nxe1 21.Rxe1 Qd7
22.Qh5+ g6 23.Qh4 Kf7 24.Rf1+ Kg8 25.Qe4 Rf8 26.Re1 Bf6 27.Bh6 Rc8 28.c3 b4
29.Rf1 Qd6 30.Qf3 bxc3 31.Qxf6 Qxf6 32.Rxf6 cxb2 33.Nc6  1-0

[Event "O2C Doeberl Cup Premier 2013"]
[Site "Canberra AUS"]
[Date "2013.03.28"]
[Round "2.13"]
[White "Dragicevic,Do"]
[Black "Ly,Mo"]
[Result "1-0"]
[WhiteElo "2204"]
[BlackElo "2428"]

1.e4 c5 2.Nf3 e6 3.d4 cxd4 4.Nxd4 a6 5.Bd3 Nf6 6.O-O d6 7.a4 g6 8.a5 Bg7
9.Nc3 O-O 10.Be3 e5 11.Nb3 Be6 12.Qe2 d5 13.exd5 Nxd5 14.Nxd5 Bxd5 15.Rfd1 Bxb3
16.cxb3 Qf6 17.Be4 Nc6 18.Rd7 Rab8 19.Bb6 Nd4 20.Qc4 Qg5 21.Rxb7 Rbc8 22.Rc7 Rxc7
23.Qxc7 Qd2 24.Qb7 f5 25.Bd5+ Kh8 26.Bc4 Nxb3 27.Be3 Nxa5 28.Qxa6 Qb4 29.Rxa5 f4
30.Bc5 Qe1+ 31.Bf1 e4 32.Ra1  1-0

[Event "ch-Moscow 2013"]
[Site "Moscow RUS"]
[Date "2013.03.29"]
[Round "7.10"]
[White "Arslanov,S"]
[Black "Ulko,J"]
[Result "0-1"]
[WhiteElo "2394"]
[BlackElo "2444"]

1.e4 c5 2.Nf3 e6 3.d4 cxd4 4.Nxd4 a6 5.Bd3 Qc7 6.O-O Nc6 7.Nxc6 bxc6 8.Nc3 Nf6
9.f4 d5 10.e5 Nd7 11.Na4 Nb6 12.Nxb6 Qxb6+ 13.Kh1 g6 14.c4 Be7 15.Qe2 O-O
16.cxd5 cxd5 17.Be3 d4 18.Bg1 Rb8 19.b3 Rd8 20.Rac1 Ba3 21.Rc4 a5 22.Rd1 Bb7
23.Qf2 Rd7 24.Qc2 Qd8 25.Be4 Bxe4 26.Qxe4 Bb2 27.Qc6 Rd5 28.Rd3 Qh4 29.Qc7 Rbd8
30.Rc5 Qe1 31.Rxd5 Rxd5 32.Qc2 Qe4 33.h3 Bc1 34.Qc8+ Kg7 35.Qc4 Qe1 36.Rf3 Be3
37.Rf1 Qd2 38.Bh2 d3 39.f5 gxf5 40.Qh4 Bg5 41.Qg3 Kf8 42.h4 Bh6 43.Bg1 Qe2  0-1

[Event "O2C Doeberl Cup Premier 2013"]
[Site "Canberra AUS"]
[Date "2013.03.30"]
[Round "6.6"]
[White "Dragicevic,Do"]
[Black "Stocek,J"]
[Result "1/2-1/2"]
[WhiteElo "2204"]
[BlackElo "2557"]

1.e4 c5 2.Nf3 e6 3.d4 cxd4 4.Nxd4 a6 5.Bd3 Nf6 6.O-O d6 7.a4 Nbd7 8.a5 Nc5
9.Nc3 Be7 10.Be3 O-O 11.f4 e5 12.Nde2 Ng4 13.Bc1 b5 14.Ng3 Nf6 15.Be3 exf4
16.Bxf4 Re8 17.Qf3 Bg4 18.Qf2 Be6 19.h3 Rc8 20.Be3 g6 21.Bd4 b4 22.Na4 Nfd7
23.Nf5 Bf8 24.Qf4 Nxd3 25.cxd3 Ne5 26.Nh6+ Bxh6 27.Qxh6 Qe7 28.Rac1 f6 29.Qd2 b3
30.Nb6 Rxc1 31.Rxc1 g5 32.Rf1 Rf8 33.Be3 h6 34.Qe2 Bf7 35.Rc1 Rd8 36.Re1 d5
37.exd5 Bxd5 38.Bd4 Bf7 39.Bc3 Qd6 40.d4 Ng6 41.Qxa6 Qg3 42.Qf1 Nf4 43.Kh1 Nxh3
44.Qf3 Qxf3 45.gxf3 Nf4 46.d5 Nxd5 47.Rd1 Rd6 48.Bb4 Rxb6 49.axb6 Nxb6 50.Rd3 Bc4
51.Rd4 Bf7 52.Rd3 Bc4 53.Rd4 Bf7 54.Rd3  1/2-1/2